Aplicación didáctica de los mapas y la cartografía como instrumentos de formación en el aula /
Sparad:
| Huvudupphovsman: | |
|---|---|
| Materialtyp: | Bok |
| Språk: | Spanish |
| Taggar: |
Lägg till en tagg
Inga taggar, Lägg till första taggen!
|
MARC
| LEADER | 00000nam a22000007a 4500 | ||
|---|---|---|---|
| 003 | cru IIS | ||
| 005 | 20220728111524.0 | ||
| 008 | 220726b2020 cr |||p|r|||| 00| 0 spa d | ||
| 040 | |c cru IIS | ||
| 100 | 1 | |9 10630 |a Ortiz Cermeño, Eva |e Autora | |
| 245 | 1 | |a Aplicación didáctica de los mapas y la cartografía como instrumentos de formación en el aula / |c Eva Ortiz Cermeño | |
| 300 | |a páginas 193-205 : |b tablas | ||
| 773 | 0 | |0 18728 |9 7619 |a Universidad de Costa Rica. |d San José, Costa Rica Editorial UCR 1959- |o 23631 |t Revista de Ciencias Sociales/ |x 04825276 | |
| 942 | |2 ddc |c PP | ||
| 999 | |c 44438 |d 44438 | ||
